Prueba de Cádiz - Estadísticas

Estadísticas generales
  • Esta prueba ha sido intentada 229 veces
  • La puntuación promedio es 8 de 16
Estadísticas de respuestas
Pregunta Respuesta % Correcto
Gentilicio Gaditano
99%
Base Naval utilizada por los EE. UU. Base Naval de {Rota}
84%
Mítico fundador de Cádiz que, con dos leones, aparece en el escudo Hércules
78%
Ciudad cercana y más poblada de la provincia Jerez de la Frontera
72%
Estadio del Cádiz CF Nuevo Mirandilla
72%
Comarca {Bahía} de Cádiz
68%
La ciudad se sitúa en este tipo de accidente geográfico Tómbolo
58%
Patrona Nuestra Señora del {Rosario}
53%
Alcaldesa de Cádiz durante 20 años Teófila Martínez
50%
Aunque este cantautor nació en Madrid, se nombró Hijo Adoptivo de la ciudad de Cádiz en 2019 Alejandro Sanz
37%
Compositor de la música "nacionalista" española Manuel de Falla
36%
Barrio cuyo nombre viene de un cuadro en que se escribía «reza por el pueblo» en latín El Pópulo
32%
Cocinero cuyo restaurante Aponiente tiene tres estrellas Michelin Ángel León
30%
Evento histórico de 1947 {Explosión} de Cádiz
21%
La ciudad se convirtió en este tipo de unidad territorial soberano por medio mes durante la I República Cantón
19%
Esta ciudad es la puerta norte de la “Ruta de los Pueblos Blancos” O{lvera}
19%
No se encontraron pruebas coincidentes
Distribución de puntuación
Porcentaje de gente con cada puntuación
Porcentaje por número respondido
Historial de tus puntuaciones
No has intentado esta prueba.